Hamstermagic (Record no. 1827)

MARC details
000 -LEADER
fixed length control field 01141nam a22002537a 4500
005 - DATE AND TIME OF LATEST TRANSACTION
control field 20231107081647.0
020 ## - INTERNATIONAL STANDARD BOOK NUMBER
International Standard Book Number 9781407135540
040 ## - CATALOGING SOURCE
Original cataloging agency FISKH
Language of cataloging eng
Transcribing agency FISKH
Modifying agency FISKH
050 ## - LIBRARY OF CONGRESS CALL NUMBER
Classification number PZ7.W36832
082 ## - DEWEY DECIMAL CLASSIFICATION NUMBER
Classification number 823.92
100 ## - MAIN ENTRY--PERSONAL NAME
Personal name Webb, Holly
245 ## - TITLE STATEMENT
Title Hamstermagic
Statement of responsibility, etc. Holly Webb
250 ## - EDITION STATEMENT
Edition statement This edition published by Scholastic Ltd, 2013
260 ## - PUBLICATION, DISTRIBUTION, ETC.
Place of publication, distribution, etc. London :
Name of publisher, distributor, etc. Scholastic,
Date of publication, distribution, etc. 2013
300 ## - PHYSICAL DESCRIPTION
Extent 180, 11 unnumberd pages :
Dimensions 20 cm
505 ## - FORMATTED CONTENTS NOTE
Formatted contents note M
520 ## - SUMMARY, ETC.
Summary, etc. Eleven-year-old Lottie's adventures in her uncle's pet shop continue! Magical cats, silly pink mice, and a bilingual dachshund all make Lottie's new home a perpetually surprising place. Her own magical abilities are growing, but will her powers be enough to stop a new threat in Netherbridge?A new neighbor has come to town, with magic stronger than Lottie's and a mind to make trouble. Fortunately, the pet shop's newest resident, Giles the hamster, is ready to help. Lucky for Lottie, he's bold, bossy, and incredibly brave!
521 ## - TARGET AUDIENCE NOTE
Target audience note 670 <br/>
Source Lexile
521 ## - TARGET AUDIENCE NOTE
Target audience note M <br/>
Source Raz-Plus
650 ## - SUBJECT ADDED ENTRY--TOPICAL TERM
Source of heading or term Hamster
650 ## - SUBJECT ADDED ENTRY--TOPICAL TERM
Source of heading or term Pets
942 ## - ADDED ENTRY ELEMENTS (KOHA)
Source of classification or shelving scheme Dewey Decimal Classification
Koha item type Books
Suppress in OPAC No
999 ## -
-- 1827
-- 1827
Holdings
Withdrawn status Lost status Source of classification or shelving scheme Damaged status Not for loan Collection Home library Current library Shelving location Date acquired Total Checkouts Full call number Barcode Date last seen Copy number Price effective from Koha item type
    Dewey Decimal Classification     Juvenile Fiction Footprints International School Library Network Toul Kork Campus Footprints International School Library Network Toul Kork Campus TK Primary Library Room(4th Floor), Bookcase 5&6, Shelves 33-56, Orange Books 10/04/2023   WEB 823.92 PZ7.W36832 FISTKG3A058 10/04/2023 1 10/04/2023 Books
    Dewey Decimal Classification     Juvenile Fiction Footprints International School Library Network Toul Kork Campus Footprints International School Library Network Toul Kork Campus TK Primary Library Room(4th Floor), Bookcase 5&6, Shelves 33-56, Orange Books 10/04/2023   WEB 823.92 PZ7.W36832 FISTKG4B053 11/07/2023 2 10/04/2023 Books